Studies on Growth Regulation of guava ( Psidium guajava L.) Planted Under High Density Plantation. (Record no. 48538)

MARC details
000 -LEADER
fixed length control field 00448nam a22001457a 4500
003 - CONTROL NUMBER IDENTIFIER
control field OSt
008 - FIXED-LENGTH DATA ELEMENTS--GENERAL INFORMATION
fixed length control field 250725b |||||||| |||| 00| 0 eng d
082 ## - DEWEY DECIMAL CLASSIFICATION NUMBER
Classification number 634.4212
Item number J24S
100 ## - MAIN ENTRY--PERSONAL NAME
Personal name Gulve Kartik Jagdishchandra
245 ## - TITLE STATEMENT
Title Studies on Growth Regulation of guava ( Psidium guajava L.) Planted Under High Density Plantation.
260 ## - PUBLICATION, DISTRIBUTION, ETC. (IMPRINT)
Place of publication, distribution, etc Pusa
Name of publisher, distributor, etc Deptt. of Horticulture
Date of publication, distribution, etc 2024
300 ## - PHYSICAL DESCRIPTION
Extent 98p
502 ## - DISSERTATION NOTE
Degree type M.Sc.(Hort.,Fruit Sc.)
942 ## - ADDED ENTRY ELEMENTS (KOHA)
Source of classification or shelving scheme
Koha item type Thesis
Holdings
Withdrawn status Lost status Source of classification or shelving scheme Damaged status Not for loan Home library Current library Date acquired Total Checkouts Full call number Barcode Date last seen Bill Date Koha item type
          Dr. Rajendra Prasad Central Agricultural University Pusa, Dr. Rajendra Prasad Central Agricultural University Pusa, 25/07/2025   634.4212 J24S 81797 25/07/2025 25/07/2025 Thesis
Hosted, Implemented, Customized & Maintained by: BestBookBuddies

Powered by Koha